| 000 | 00481nam a2200193Ia 4500 | ||
|---|---|---|---|
| 005 | 20240823050137.0 | ||
| 008 | 240823s9999||||xx |||||||||||||| ||und|| | ||
| 020 | _a978-81-224-3368-5 | ||
| 041 | _aENGLISH | ||
| 082 | _A547 Q2 | ||
| 100 | _aMukherji S M et al. | ||
| 245 | 0 | _aOrganic Chemistry Volume II | |
| 250 | _a2nd | ||
| 260 |
_c2012 _bNew Age International (P _aNew Delhi |
||
| 500 | _aTRANSFERED | ||
| 650 |
_aChemistry _bChemistry |
||
| 942 | _cBK | ||
| 999 |
_c216578 _d216578 |
||